Statistics for NBA Player by Shoe

Click here to take the quiz!

General Stats

  • This quiz has been taken 30 times
  • The average score is 10 of 13

Answer Stats

Answer% Correct
LeBron James
93%
Ja Morant
89%
LaMelo Ball
89%
Giannis Antetokounmpo
85%
Kobe Bryant
85%
James Harden
78%
Anthony Edwards
74%
Jayson Tatum
74%
Kevin Durant
74%
Kyrie Irving
74%
Luka Doncic
74%
Dwayne Wade
70%
Trae Young
59%

Score Distribution

Percentile by Number Answered

Percent of People with Each Score

Your Score History

You have not taken this quiz